Kobe "Bean" Bryant - Statistics

General Stats
  • This quiz has been taken 699 times
  • The average score is 4 of 6
Answer Stats
Hint Answer % Correct
What number was he in his prime? 8
95%
Did his dad play in the NBA? Yes
95%
What is his middlename? bean
89%
How old is he? 37
80%
What year was he drafted? 1998
64%
What team was he drafted by? New Orleans Hornets
17%
No matching quizzes found
Score Distribution
Percent of People with Each Score
Percentile by Number Answered
Your Score History
You have not taken this quiz